Responses for show #2899 - Thursday, March 20, 1997

Contestants

[<< previous game]

Linda Johnson, a reading teacher from Wilmington, Illinois

Scott Knecht, a teacher of religion from Chino, California

Steve Douches, a high school math teacher from Fairfax, Virginia (whose 2-day cash winnings total $19,200)

[next game >>]

Jeopardy! Round responses

ANCIENT LIFE
CATHEDRALS & CHURCHES
17th CENTURY AMERICA
INTERNATIONAL CUISINE
THE MOVIES
RHYME TIME
    $100 19
Wheels

Scott
    $100 1
Rome

Steve
    $100 16
Jamestown

Scott
    $100 6
Twister

Steve
    $100 11
May Day

Steve
    $200 20
Tools

Scott
    $200 2
Moscow

Scott
    $200 17
Connecticut

Steve
    $800 7
Independence Day/ 4th of July

Steve
    $200 12
Scorn corn

Steve
    $300 21
Olympic games

Steve
    $300 3
Canterbury

Steve
    $300 18
Roger Williams

Scott
    $300 25
Haggis

Steve
    $300 8
Ace Ventura: When Nature Calls

Linda
    $300 13
Soccer locker

Steve
    $400 23
(and we have a minute to go in the round...)

Red/purple

Scott
    $400 4
Kiev

Steve
    $400 22
Germany

Scott
    $400 26
Tequila

Steve
    $400 9
Mr. Phelps

Linda
    $400 14
Fish dish

Steve
    $500 24
Toothbrush

Steve
    $500 5
(Scott: What is Warsaw?)

Krakow

Scott
Triple Stumper
    $500 28
[The end-of-round signal sounds.]

Cecil Calvert (the 2nd Lord Baltimore)

Steve
    $500 27
(Steve: What are chicken & ham?)

Veal & ham

Steve
Triple Stumper
    $500 10
Ricki Lake

Steve
    $500 15
Middle fiddle

Linda

Scores at the first commercial break (after clue 13):

Steve Scott Linda
$2,800 -$300 $700

Scores at the end of the Jeopardy! Round:

Steve Scott Linda
$4,900 $1,200 $1,200

Double Jeopardy! Round responses

ASIAN AMERICANS
U.S. CITIES
EXPLORERS IN SCIENCE
AWARDS
VICE PRESIDENTIAL CANDIDATES
MUSIC & LITERATURE
    $200 21
Mazda

Steve
    $200 1
Pasadena

Scott
    $200 25
(Steve: Who is Galilieo?)
(we have less than a minute to go....)

Edmond Halley

Steve
Triple Stumper
    $200 11
The Wright Brothers

Steve
    $200 16
H. Ross Perot

Steve
    $200 6
Jonathan Swift

Scott
    $400 22
Amy Tan

Steve
    $400 2
Salt Lake City

Scott
    $400 26
Liver

Linda
    $400 12
Gateway Arch

Steve
    $400 17
Geraldine Ferraro

Steve
    $400 7
Henry David Thoreau

Steve
    $600 23
Conductor

Triple Stumper
    $600 3
Missouri

Steve
    $600 27
Atoms

Steve
    $600 13
Robert Frost

Steve
    $600 18
Adlai Stevenson

Steve
    $600 8
Lord Byron

Steve
    $800 24
George Takei

Linda
    $800 4
Tupelo

Steve
    $800 29
Water

Steve
    $800 14
(Steve: What is Egypt?)

Ethiopia

Steve
Triple Stumper
    $1,300 19
(Steve: Who is Muskie?)

Sargent Shriver

Steve
    $800 9
Edward Elgar

Steve
    $1000 28
M. Butterfly

Steve
    $2,000 5
Amarillo

Steve
    $1000 30
microscopes

Linda
    $1000 15
Craig Claiborne

Triple Stumper
    $1000 20
John Anderson

Steve
    $1000 10
(Steve: What is The Arabian Nights?)

Scheherazade

Steve
Triple Stumper

Scores at the end of the Double Jeopardy! Round:

Steve Scott Linda
$13,200 $2,000 $3,400
(lock game)

[wagering suggestions for these scores]

Final Jeopardy! Round responses

HISTORIC SHIPS
ScottWhat is the Maine
$2,000
LindaWhat was Old Ironsides? :(
$2,000
SteveWhat is Titanic?
$2,400
U.S.S. Maine

Final scores:

Steve Scott Linda
$10,800 $4,000 $1,400
3-day champion: $30,000 2nd place: Trip to Grand Hotel Bahia Del Duque, Tenerife, Canary Islands 3rd place: Amana E-Z Reach Refrigerator/Freezer

Game dynamics:

Coryat scores:

Steve Scott Linda
$12,900 $2,000 $3,400
34 R
(including 2 DDs),
5 W
(including 1 DD)
10 R,
1 W
6 R,
0 W

Combined Coryat: $18,300

The J! Archive is created by fans, for fans. The Jeopardy! game show and all elements thereof, including but not limited to copyright and trademark thereto, are the property of Jeopardy Productions, Inc. and are protected under law. This website is not affiliated with, sponsored by, or operated by Jeopardy Productions, Inc. Join the discussion at JBoard.tv.